Datum a čas kvízu
19
Celkem bodů
Celkový počet nahraných bodů na tomto kvízu bez doplňovacích otázek.
11.
Pořadí na kvízu
Konečné umístění týmu na tomto kvízu.
Zaznamenané odpovědi
| # | Otázka | Odpověď | Body | Výsledky |
|---|---|---|---|---|
| 1. | V pátek obdržel jeden muž res... | Petr Kellner | 1 | |
| 2. | Minulý týden vyhlásil první st... | Dánsko | 1 | |
| 3. | Která herečka získala Volpiho... | Penélope Cruz | 0 | |
| 4. | V jednom českém městě začal v... | Litoměřice | 0 | |
| 5. | Obě senzační finalistky ženské... | Emma Raducanu, Leylah Fernandez | 0 | |
| 6. | V tomto tématu se vypravíme na... | Tuaregové/Touaregové | 1 | |
| 7. | Na obrázku je hlodavec žijící... | pískomil | 0 | |
| 8. | Kultovní sci-fi román Duna je... | Arrakis | 0 | |
| 9. | V jižní Africe se nachází jedn... | Kalahari | 0 | |
| 10. | Adénium ztloustlé je sukulent... | pouštní růže | 0 |